| 000 | 00599nam a22001937a 4500 | ||
|---|---|---|---|
| 999 |
_c186251 _d186251 |
||
| 005 | 20220218154236.0 | ||
| 010 | _aENG-131684 | ||
| 020 |
_a9789380831503 _c820.00 |
||
| 035 | _aEN-115216 | ||
| 037 | _bDBAD | ||
| 082 | _a621.3822 | ||
| 100 | _aSrinivas, N. | ||
| 245 |
_aSignals and Systems/ _cN. Srinivas, B. Srinivas |
||
| 260 |
_aHyderabad _bAmaravati Publications _c2021 |
||
| 270 |
_a# 326/C, III Floor, Surneni Nilayam Near B K Guda Park, S R Nagar _bHyderabad _e500038 |
||
| 300 |
_axvi, 480p. _c24cm(pbk) |
||
| 700 | _aSrinivas, B. | ||
| 942 |
_2ddc _cEN _h621.3822 _mSRI |
||